A study of banking and monetary situation in Nepal
Gespeichert in:
| Format: | Buch |
|---|---|
| Sprache: | Undetermined |
| Veröffentlicht: |
Baluwatar, Kathmandu
Nepal Rastra Bank
1971
|
| Schlagworte: | |
| Tags: |
Tag hinzufügen
Keine Tags, Fügen Sie den ersten Tag hinzu!
|
| Thư viện lưu trữ: | Trung tâm Học liệu Trường Đại học Cần Thơ |
|---|
| LEADER | 00488nam a2200169Ia 4500 | ||
|---|---|---|---|
| 001 | CTU_105484 | ||
| 008 | 210402s9999 xx 000 0 und d | ||
| 082 | |a 332.0195496 | ||
| 082 | |b S933 | ||
| 245 | 2 | |a A study of banking and monetary situation in Nepal | |
| 260 | |a Baluwatar, Kathmandu | ||
| 260 | |b Nepal Rastra Bank | ||
| 260 | |c 1971 | ||
| 650 | |a Nepal rastra bank,Banks and banking | ||
| 650 | |z Nepal | ||
| 904 | |i Truc | ||
| 980 | |a Trung tâm Học liệu Trường Đại học Cần Thơ | ||